| 000 | 00551nam a2200181Ia 4500 | ||
|---|---|---|---|
| 003 | IN-BaIIA | ||
| 008 | 211028s9999 xx 000 0 eng d | ||
| 020 | _a0-85274-484-6 | ||
| 040 | _cIIA Library | ||
| 080 |
_a524.3-17 _bKIT |
||
| 100 |
_aKitchin, C.R _913740 |
||
| 245 | 0 |
_aAstrophysical techniques _cC. R. Kitchin |
|
| 250 | _a3rd ed. | ||
| 260 |
_aBristol _bInstitute of Physics _c1998 |
||
| 300 | _axv, 474p. | ||
| 650 |
_aAstronomical techniques, astrophysical techniques _921949 |
||
| 942 | _cBK | ||
| 999 |
_c12530 _d12530 |
||